Biblioteca

An introduction to the Old Testament prophetic books (Registro nro. 68752)

Detalles MARC
000 -LÍDER
Campo fijo de descripción fija 01683nam a2200337 i 4500
001 - NÚMERO DE CONTROL
Campo de control 768714001
003 - IDENTIFICADOR DEL NÚMERO DE CONTROL
Campo de control CO-MdFUSB
005 - FECHA Y HORA DE LA ULTIMA TRANSACCIÓN
control field 20230420110202.0
007 - CAMPO FIJO DE DESCRIPCIÓN FIJA--INFORMACIÓN GENERAL
Campo fijo de descripción fija ta
008 - ELEMENTOS DE LONGITUD FIJA -- INFORMACIÓN GENERAL
Campo fijo de descripción fija -- Información general 851206t1986 ilu b 001 | eng
020 ## - NÚMERO INTERNACIONAL NORMALIZADO PARA LIBROS
Número Internacional Normalizado del libro 0802441424
040 ## - FUENTE DE CATALOGACIÓN
Agencia de catalogación original DLC
Agencia que realiza la transcripción CO-MdFUSB
Agencia que realiza la modificación CO-MdFUSB
Idioma de catalogación spa
Convenciones de la descripción rda
041 ## - CÓDIGO DE IDIOMA
Código de idioma para texto/pista de sonido o título separado eng
082 ## - NÚMERO DE CLASIFICACIÓN DECIMAL DEWEY
Número de la edición del Dewey 23
Número de clasificación 224.061
Clave de autor-Numero de item B938
100 1# - ASIENTO PRINCIPAL--NOMBRE PERSONAL
Nombre personal Bullock, C. Hassell.
Término relacionador autor
245 13 - TÍTULO
Título del Material An introduction to the Old Testament prophetic books
Mención de responsabilidad, etc. / C. Hassell Bullock.
264 #1 - PRODUCCIÓN, PUBLICACIÓN, DISTRIBUCIÓN, MANUFACTURA, Y COPYRIGHT
Lugar de producción, publicación, distribución, manufactura Estados Unidos, Chicago :
Nombre del productor, publicador, distribuidor Moody Press,
Fecha de producción, publicación, distribución, manufactura, o copyright [1986]
264 #4 - PRODUCCIÓN, PUBLICACIÓN, DISTRIBUCIÓN, MANUFACTURA, Y COPYRIGHT
Fecha de producción, publicación, distribución, manufactura, o copyright © 1986
300 ## - DESCRIPCIÓN FÍSICA
Extensión 391 páginas ;
Dimensiones 24 cm.
336 ## - TIPO DE CONTENIDO
Fuente rdacontent
Término de tipo de contenido texto
Código de tipo de contenido txt
337 ## - TIPO DE MEDIO
Fuente rdamedia
Nombre del tipo de medio sin mediación
Código del tipo de medio n
338 ## - TIPO DE SOPORTE
Fuente rdacarrier
Nombre del tipo de soporte volumen
Código Tipo de soporte nc
505 ## - NOTA DE CONTENIDO
Título Parte I. Los profetas del Período Neoasirio
Nota de contenido con formato preestablecido Jonás: prefacio a los profetas -- Amós: llamado a la obediencia moral -- Oseas: el dilema de un profeta -- Miqueas: Juicio, esperanza y promesa -- Isaías: profeta por excelencia
505 ## - NOTA DE CONTENIDO
Título Parte II. Los profetas del período neobabilónico
Nota de contenido con formato preestablecido Sofonías: perfil de un pueblo -- Habacuc: profeta de la transición -- Jeremías: profeta para la nación -- Nahum: la realidad del juicio -- Ezequiel: la fusión de dos esferas -- Abdías: Edom el día del Señor -- Lamentaciones: reflejos del alma
505 ## - NOTA DE CONTENIDO
Título Parte III. Los profetas del Período Persa
Nota de contenido con formato preestablecido Daniel: testigo en Babilonia -- Hageo: el templo y el futuro -- Zacarías: profeta del nuevo reino -- Joel: el día de la decisión -- Malaquías: profeta del pacto de amor
563 ## - NOTA DE ENCUADERNACIÓN
Nota de encuadernación Tapa dura
630 07 - TITULO UNIFORME
Título uniforme Biblia.
Nombre de parte o sección de la obra Profetas
Subdivisión de materia general Crítica, interpretación, etc.
942 ## - TIPO DE MATERIAL (KOHA)
Tipo de Item KOHA Libros General
945 ## - INFORMACIÓN LOCAL DEL REGISTRO
Catalogador Mag 1104
Existencias
Estado de Material Estado de Perdido Forma de Clasificación Estado de Dañado No para Préstamo Colección Biblioteca de Origen Biblioteca Permanente Fecha de Adquisición Área Total de Préstamos Total de Renovaciones Signatura Topográfica Código de Barras Última vez visto Última vez Préstado Ejemplar/Existencia Fecha de Remplazo Tipo de Material
    Dewey Decimal Classification     Colección General Biblioteca FUSBC Biblioteca FUSBC 20/04/2023 BIBLIA 1 5 G 224.061 B938i 24086 15/11/2024 24/08/2024 Ej. 1 20/04/2023 Libros General

Biblioteca FUSBC | Teléfono: (57+4) 349 88 10 Ext. 141| WhatsApp (+57) 3005338115 
E-mail: biblioteca@unisbc.edu.co | Calle 76 87-14 Robledo Palenque, Medellín, Colombia

Con tecnología Koha